000 00448nam a2200181Ia 4500
001 4946
005 20260306145832.0
008 260306t2012||||xx |||||||||||||| ||spa||
041 _aESP
082 _a332.0414
_bA86
100 _aAtehortúa Granados, John Alexánder
_eAUT
245 0 _aMercado de capitales y portafolios de inversión
260 _c2012
300 _a
_c24 cm.
650 _aGEN
654 _aCAN
942 _cLIB
_dJUS
_fJUS
_2ddc
_n
999 _c4946
_d4946